000 00509 a2200181 4500
003 OSt
005 20231208100941.0
008 231103b |||||||| |||| 00| 0 eng d
020 _a9789390339112
040 _coclc
082 _a954.83
_bBIJ/M
100 1 _aBijuraj, R.K.
_d1977-
_99785
245 _aMALABAR KALAPAM: CHARITHRA REKHAKAL /
_cR K Bijuraj
250 _a3rd ed.
260 _aKerala:
_bOlive,
_c2021.
300 _a449p
942 _2ddc
_cBK
_h954.83
_iBIJ/M
_k954.83
_mBIJ/M
999 _c42801
_d42801